|
|
|
|
| LEADER |
00000nab a2200000 a 4500 |
| 001 |
vtls000571179 |
| 003 |
SK-MaSNL |
| 005 |
20260303013635.0 |
| 008 |
120929c1994 xo 0 slo |
| 015 |
|
|
|a SNBRA19rr/mm-uuuuu
|
| 035 |
|
|
|a CL0571317
|
| 040 |
|
|
|a SNKBUCL
|b slo
|c SNKBUCL
|e AACR2
|
| 041 |
0 |
|
|a slo
|
| 044 |
|
|
|a xo
|c SK
|
| 080 |
|
|
|a 658.11.012.45:002.6:681.3.06
|2 1981
|
| 080 |
|
|
|a 002.6
|2 1981
|
| 080 |
|
|
|a 681.3.06
|2 1981
|
| 100 |
1 |
|
|a Bačiak, Juraj
|4 aut
|9 994537
|
| 245 |
1 |
0 |
|a Informačný systém podnikov s využitím aplikačného softwarového vybavenia
|c Juraj Bačiak, Ladislav Ratulovský
|
| 300 |
|
|
|b Sch. 2
|
| 650 |
0 |
7 |
|a systémy informačné podnikové
|2 snkbucl
|9 841918
|
| 650 |
0 |
7 |
|a softvér
|2 snkbucl
|9 1223
|
| 650 |
0 |
7 |
|a SVETAS (software aplikačný)
|2 snkbucl
|9 994538
|
| 655 |
|
7 |
|a články zo zborníkov
|2 snkbucl
|9 166140
|
| 700 |
1 |
|
|a Ratulovský, Ladislav
|4 aut
|9 975321
|
| 773 |
0 |
|
|t Informačné systémy v riadení malých a stredných podnikov a výpočtová technika vo výučbovom procese
|d Zvolen : Technická univerzita, 1994
|g S. 23-26
|z 8022803545
|
| 850 |
|
|
|a Slovenská národná knižnica v Martine
|a MTA001
|
| 852 |
|
|
|a SNK
|b KIS3GCP
|
| 958 |
|
|
|a RK
|
| 992 |
|
|
|a RZB
|
| 999 |
|
|
|c 1603713
|d 1605643
|